000 02693nam a22002177a 4500
001 6542
003 FISKH
005 20250508152640.0
008 250508b cb ||||| |||| 00| 0 eng d
040 _aFISKH
_bkhr
_cFISKH
_dFISKH
082 _a915.09596
100 _aBo, Ma
245 _a ដើមកំណើតអង្គរ /
_cរៀបរៀងដោយ ម៉ា បូ ធ្វើការនៅក្រសួងអភិរក្សអង្គរសៀមរាប
260 _aភ្នំពេញ​ :
_c១៩៦៩​ .
300 _a150 pages :
_billustrations ;
_c20 cm .
520 _aសៀវភៅ «ដើមកំណើតអង្គរ» ដែលរៀបរៀងដោយ ម៉ារ បូ គឺជាសៀវភៅដែលផ្តោតលើការសិក្សាពីប្រវត្តិសាស្ត្រនៃអង្គរវត្ត និងអាណាចក្រខ្មែរបុរាណ។ វាបង្ហាញពីដើមកំណើត និងការអភិវឌ្ឍន៍របស់អង្គរជាស្នាដៃស្ថាបត្យកម្ម និងវប្បធម៌ខ្មែរ។ សៀវភៅនេះផ្តល់ព័ត៌មានលម្អិតអំពីស្ថាបត្យកម្ម បុព្វបុរស និងព្រឹត្តិការណ៍សំខាន់ៗដែលបានកើតឡើងនៅក្នុងអង្គរ។ សៀវភៅនេះមានតម្លៃសម្រាប់អ្នកស្រាវជ្រាវ និងអ្នកចាប់អារម្មណ៍លើប្រវត្តិសាស្ត្រនិងវប្បធម៌ខ្មែរ។ វាជាឧបករណ៍ដ៏មានតម្លៃសម្រាប់ការសិក្សានិងការស្រាវជ្រាវអំពីអង្គរវត្ត និងអាណាចក្រខ្មែរ។
520 _aThe book "The Origins of Angkor", compiled by Mar Bo, focuses on the study of the history of Angkor Wat and the ancient Khmer Empire. It explores the origins and development of Angkor as a masterpiece of Khmer architecture and culture. The book provides detailed information about architecture, key historical figures, and important events that took place in Angkor. This book is valuable for researchers and those interested in Khmer history and culture. It serves as a meaningful resource for studying and researching Angkor Wat and the Khmer Empire.
650 _aដើមកំណើតអង្គរ
942 _2ddc
_cKHB
_n0
999 _c6542
_d6542